00372nam a22001577a 450000500170000001000110001702000250002803500110005303700090006408200060007310000160007924500420009526000210013727000310015830000250018920140127114954.0 aG-2215 a9781908357168c99.00 aG-2215 aGIFT aS aLondon,Jack aThe Call of the Wildcby/ Jack London aLondonbibs Book a55, Warren Street,bLondon a108pbill.c24cm(Hb)